Southville International School and Colleges
Your cart is empty.
  • Cart
  • Lists
    Public lists Eva Luna New books Lux_list list_1
    Your lists Log in to create your own lists
  • Log in to your account
  • Your cookies
  • Search history
Southville International School and Colleges
  • Advanced search
  • Recent comments
  • Most popular
  • Libraries

Log in to your account

Log in with GOOGLE


If you do not have an external account, but do have a local account, you can still log in:

  1. Home
  2. MARC view: The Influential mind :
Normal view MARC view ISBD view

The Influential mind : (Record no. 363140)

[ view plain ]
MARC details
000 -LEADER
fixed length control field 00712nam a2200253Ia 4500
008 - FIXED-LENGTH DATA ELEMENTS--GENERAL INFORMATION
fixed length control field 191119s9999 xx 000 0 und d
020 ## - INTERNATIONAL STANDARD BOOK NUMBER
International Standard Book Number 978-1-250-15961-8
050 ## - LIBRARY OF CONGRESS CALL NUMBER
Classification number MAIN BF 774
050 ## - LIBRARY OF CONGRESS CALL NUMBER
Item number .S53 2017
100 ## - MAIN ENTRY--PERSONAL NAME
Personal name Sharot, Tali.
245 #4 - TITLE STATEMENT
Title The Influential mind :
245 #0 - TITLE STATEMENT
Remainder of title what the brain reveals about our power to change others /
245 #0 - TITLE STATEMENT
Statement of responsibility, etc Tali Sharot.
260 ## - PUBLICATION, DISTRIBUTION, ETC. (IMPRINT)
Place of publication, distribution, etc New York :
260 ## - PUBLICATION, DISTRIBUTION, ETC. (IMPRINT)
Name of publisher, distributor, etc Henry Holt and Company,
260 ## - PUBLICATION, DISTRIBUTION, ETC. (IMPRINT)
Date of publication, distribution, etc 2017
300 ## - PHYSICAL DESCRIPTION
Extent 242 pages :
300 ## - PHYSICAL DESCRIPTION
Dimensions 21 cm.
500 ## - GENERAL NOTE
General note Includes bibliographic references and index.
650 ## - SUBJECT ADDED ENTRY--TOPICAL TERM
Topical term or geographic name as entry element Attitude change.
650 ## - SUBJECT ADDED ENTRY--TOPICAL TERM
Topical term or geographic name as entry element Influence (Psychology).
650 ## - SUBJECT ADDED ENTRY--TOPICAL TERM
General subdivision Neuropsychology.
650 ## - SUBJECT ADDED ENTRY--TOPICAL TERM
General subdivision Social influence.
Holdings
Withdrawn status Lost status Damaged status Home library Current library Shelving location Date acquired Cost, normal purchase price Total Checkouts Full call number Barcode Date last seen Price effective from Koha item type
      South Mansfield College South Mansfield College   09/09/2019 748.00   MAIN BF 774 .S53 2017 SMC06275 06/01/2020 06/01/2020  

The Influential mind :

APA

Sharot T., .The Influential mind. New York: .

Chicago

Sharot Tali, .The Influential mind. New York: .

Harvard

Sharot T., .The Influential mind. New York: .

MLA

Sharot Tali, .New York: . .

  • Place hold
  • Print
  • Cite
  • Add to your cart (remove)
  • Save record
    BIBTEX Dublin Core MARCXML MARC (non-Unicode/MARC-8) MARC (Unicode/UTF-8) MARC (Unicode/UTF-8, Standard) MODS (XML) RIS
  • More searches
    Search for this title in:
    Other Libraries (WorldCat) Other Databases (Google Scholar) Online Stores (Bookfinder.com) Open Library (openlibrary.org)

Exporting to Dublin Core...

SOUTHVILLE LIBRARY

Southville International School and Colleges Library

1281 Tropical Ave. Cor. Luxembourg St., BF Homes International, Las Pinas City

Tel. No. 8256374 / 252358 Loc. 117/146

Powered by Koha